| 000 | 00807nam a22002297a 4500 | ||
|---|---|---|---|
| 001 | 30053 | ||
| 003 | UA-OsUOA | ||
| 005 | 20210916224349.0 | ||
| 007 | ta | ||
| 008 | 20041103b un ||||| |||| 00| 0 ukr d | ||
| 040 |
_aUA-OsUOA _brus _cUA-OsUOA _dUA-OsUOA |
||
| 041 | _arus | ||
| 044 | _aUA | ||
| 080 | _a01 | ||
| 090 |
_a01 _bП15 |
||
| 245 |
_aПамятники истории и культуры Волынской области _bнаучно-вспомогательный библиографический указатель _cсост. Э. С. Боремчук, Г. В. Давыдова, Л. С. Лелявская |
||
| 260 |
_aЛуцк _c1985 |
||
| 300 | _a95 с. | ||
| 650 | 7 |
_a01 Бібліографія і бібліографії. Каталоги _2UDC |
|
| 942 |
_cBK _2udc |
||
| 955 | _a0 | ||
| 999 |
_c316458 _d316458 |
||